ბათუმის შოთა რუსთაველის სახელმწიფო უნივერსიტეტის ბიბლიოთეკა

ამბავი ჩემი წინაპრისა (ბიბ.ჩანაწერი № 49097)

000 -LEADER
fixed length control field 00891nam a2200229Ia 4500
001 - CONTROL NUMBER
control field 16004
003 - CONTROL NUMBER IDENTIFIER
control field GE_BSU
008 - FIXED-LENGTH DATA ELEMENTS--GENERAL INFORMATION
fixed length control field 181216s||||||||xx |||||||||||||| ||und||
040 ## - CATALOGING SOURCE
Transcribing agency GE_BSU
080 ## - UNIVERSAL DECIMAL CLASSIFICATION NUMBER
Universal Decimal Classification number 821.353.1-32
100 ## - MAIN ENTRY--PERSONAL NAME
Personal name ხარაიძე, გურამ
245 ## - TITLE STATEMENT
Title ამბავი ჩემი წინაპრისა
245 ## - TITLE STATEMENT
Remainder of title მოთხრობა სულხან-საბა ორბელიანზე
245 ## - TITLE STATEMENT
Statement of responsibility, etc. რედ.ა.დავითიანი. მხ. ჯ.ყავლაშვილი
260 ## - PUBLICATION, DISTRIBUTION, ETC.
Place of publication, distribution, etc. თბილისი
260 ## - PUBLICATION, DISTRIBUTION, ETC.
Name of publisher, distributor, etc. საბჭ. საქართველო
260 ## - PUBLICATION, DISTRIBUTION, ETC.
Date of publication, distribution, etc. 1977
300 ## - PHYSICAL DESCRIPTION
Extent 123გვ. ; 16სმ
653 ## - INDEX TERM--UNCONTROLLED
Uncontrolled term ამბავი ჩემი წინაპრისა
653 ## - INDEX TERM--UNCONTROLLED
Uncontrolled term მოთხრობა სულხან-საბა ორბელიანზე
942 ## - ADDED ENTRY ELEMENTS (KOHA)
Koha item type წიგნი
ეგზემპლარები
Withdrawn status Lost status Damaged status Not for loan Date acquired Barcode Date last seen Price effective from Koha item type
        2018-12-17 39466 2018-12-17 2018-12-17 წიგნი
        2018-12-17 39467 2018-12-17 2018-12-17 წიგნი